Least Populated region in every Country - Statistics

General Stats
  • This quiz has been taken 18 times
    11 since last reset
  • The average score is 58 of 197
Answer Stats
Country Letter Population Region % Correct
Tuvalu N 35 Niulakita
100%
Israel H 1,134,616 Haifa
89%
United States of America W 576,851 Wyoming
89%
Singapore N 582,330 North
78%
Sri Lanka N 1,308,762 Northern
78%
Sudan N 1,106,677 Northern
78%
Cameroon S 773,080 South
78%
Germany B 702,655 Bremen
67%
Sweden G 61,029 Gotland
67%
Norway J-M 0 Jan Mayen
67%
Palestine J 52,154 Jericho
67%
Rwanda K 1,745,555 Kigali
67%
France M 262,895 Mayotte
67%
Vietnam N 4,911,370 Northwest
67%
Sierre Leone N-W 1,368,296 North West
67%
Argentina T-D-F 190,641 Tierra del Fuego
67%
Netherlands Z 391,124 Zeeland
67%
Mexico B-C-S 838,447 Baja California Sur
56%
Austria B 297,583 Burgenland
56%
United Kingdom G 67,334 Guernsey
56%
Australia J-B-T 405 Jervis Bay Territory
56%
China M 552,300 Macau
56%
South Africa N-C 1,355,946 Northern Cape
56%
Canada N 41,159 Nunavut
56%
Brazil R 708,352 Roraima
56%
Yemen S 54,209 Socotra
56%
Iceland W 7,168 Westfjords
56%
Niger A 687,540 Agadez
44%
Finland A 30,344 Åland
44%
Italy A-V 142,905 Aosta Valley
44%
Switzerland A-I 16,293 Appenzell Innerrhoden
44%
Kazakhstan B 39,341 Baikonur
44%
Spain C 83,179 Ceuta
44%
Cyprus F 54,282 Famagusta
44%
Ecuador G 28,583 Galápagos
44%
Pakistan G-B 1,713,778 Gilgit-Baltistan
44%
Malta G 34,563 Gozo
44%
Cuba I-S-L-J 95,608 Isla de la Juventud
44%
India L 68,873 Lakshadweep
44%
Belgium L 295,146 Luxembourg
44%
Comoros M 45,000 Mohéli
44%
Greece M-A 1,746 Mount Athos
44%
Russia N 41,434 Nenets
44%
Poland O 984,345 Opole
44%
Fiji R 1,594 Rotuma
44%
Barbados S-A 5,139 Saint Andrew
44%
Grenada S-M 4,406 Saint Mark
44%
Dominica S-P 1,430 Saint Peter
44%
Indonesia S-P 561,617 South Papua
44%
United Arab Emirates U-A-Q 59,098 Umm Al Quwain
44%
Paraguay A-P 17,608 Alto Paraguay
33%
Turkmenistan B 529,895 Balkan
33%
Zimbabwe B 671,952 Bulawayo
33%
Saint Lucia C 2,244 Canaries
33%
Andorra C 4,325 Canillo
33%
Ukraine C 890,457 Chernivtsi
33%
Philippines C 1,791,121 Cordillera
33%
Venezuela F-D 2,155 Federal Dependencies
33%
Albania G 60,013 Gjirokastër
33%
Tajikistan G-B 226,900 Gorno-Badakhshan
33%
Ethiopia H 283,560 Harari
33%
Estonia H 8,474 Hiiu
33%
Czechia K-V 295,077 Karlovy Vary
33%
Micronesia K 7,819 Kosrae
33%
Ireland L 35,199 Leitrim
33%
Croatia L-S 42,748 Lika-Senj
33%
(the) Gambia L-R 91,361 Lower River
33%
Belarus M 981,174 Mogilev
33%
Oman M 49,062 Musandam
33%
Denmark N-G-N-P 40 Northeast Greenland National Park
33%
Afghanistan N 175,507 Nuristan
33%
Kosovo P 146,301 Peja
33%
Syria Q 105,124 Quneitra
33%
Nicaragua R-S-J 140,786 Río San Juan
33%
Saint Vincent and the Grenadines S-P 6,029 Saint Patrick
33%
South Korea S 394,630 Sejong
33%
Eritrea S-R-S 398,073 Southern Red Sea
33%
Egypt S-S 117,113 South Sinai
33%
Kyrgyzstan T 274,029 Talas
33%
Belize T 37,124 Toledo
33%
Slovakia T 569,388 Trenčín
33%
Romania T 193,355 Tulcea
33%
Tanzania U-S 195,873 Unguja South
33%
Luxembourg V 5,593 Vianden
33%
Bulgaria V 75,408 Vidin
33%
New Zealand W-C 34,800 West Coast
33%
Mauritius A 330 Agaléga
22%
Ghana A 564,668 Ahafo
22%
Saudi Arabia A-B 339,174 Al-Bahah
22%
Qatar A-S 9,930 Al Shamal
22%
East Timor A 10,302 Atauro
22%
Chile A 103,158 Aysén
22%
Bangladesh B 9,100,102 Barisal
22%
Democratic Republic of the Congo B-U 1,369,600 Bas-Uele
22%
Türkiye B 84,241 Bayburt
22%
Nigeria B 2,574,480 Bayelsa
22%
Angola B 490,050 Bengo
22%
Guinea-Bissau B 52,590 Bolama
22%
El Salvador C 164,945 Cabañas
22%
São Tomé and Príncipe C 7,631 Caué
22%
Burkina Faso C-S 872,845 Centre-Sud
22%
Suriname C 3,726 Coronie
22%
Morocco D-O-E-D 142,955 Dakhla-Oued Ed-Dahab
22%
Guatemala E-P 176,632 El Progreso
22%
Uruguay F 25,050 Flores
22%
Bhutan G 3,952 Gasa
22%
Libya G 27,675 Ghat
22%
Mongolia G 17,928 Govisümber
22%
Jamaica H 72,519 Hanover
22%
Palau H 27 Hatohobei
22%
Central African Republic H-M 52,314 Haut-Mbomou
22%
Mauritania I 29,484 Inchiri
22%
Algeria I-G 14,900 In Guezzam
22%
Honduras I-D-L-B 84,509 Islas de la Bahía
22%
Nepal K 1,725,381 Karnali
22%
Myanmar K 296,903 Kayah
22%
Senegal K 245,288 Kédougou
22%
Republic of the Congo K 97,362 Kouilou
22%
Malaysia L 102,604 Labuan
22%
Peru M-D-D 134,105 Madre de Dios
22%
Guinea M 995,717 Mamou
22%
Papua New Guinea M 73,485 Manus
22%
Mozambique M-C 1,124,988 Maputo City
22%
Benin M 651,540 Mono
22%
San Marino M 1,015 Montegiardino
22%
Kuwait M-A-K 284,759 Mubarak Al-Kabeer
22%
Zambia M 934,358 Muchinga
22%
Bahrain M 268,106 Muharraq
22%
Iraq M 835,797 Muthanna
22%
Panama N-T-D 5,300 Naso Tjër Di
22%
Haiti N 393,967 Nippes
22%
Hungary N 189,304 Nógrád
22%
Gabon N 52,854 Nyanga
22%
Djibouti O 37,666 Obock
22%
Namibia O 102,881 Omaheke
22%
Seychelles O-I 574 Outer Islands
22%
Bolivia P 130,761 Pando
22%
Serbia P 76,700 Pirot
22%
Liechtenstein P 492 Planken
22%
Portugal P 104,923 Portalegre
22%
Guyana P-S 11,828 Potaro-Siparuni
22%
Lesotho Q-N 74,566 Qacha's Nek
22%
Georgia R-L-A-K-S 28,500 Racha-Lechkhumi and Kvemo Svaneti
22%
(the) Bahamas R-I 44 Ragged Island
22%
North Korea R 221,500 Rason
22%
Antigua and Barbuda R 0 Redonda
22%
Solomon Islands R-A-B 4,465 Rennell and Bellona
22%
Montenegro S 1,569 Šavnik
22%
Iran S 804,630 Semnan
22%
Eswatini S 235,427 Shiselweni
22%
Uzbekistan S 881,955 Sirdaryo
22%
Botswana S 2,914 Sowa
22%
Jordan T 111,546 Tafilah
22%
Mali T 12,000 Taoudénit
22%
Lithuania T 90,652 Tauragė
22%
Brunei T 10,251 Temburong
22%
Chad T 52,626 Tibesti
22%
Vanuatu T 11,330 Torba
22%
Japan T 539,190 Tottori
22%
Tunisia T 116,316 Tozeur
22%
Colombia V 48,932 Vaupés
22%
Armenia V-D 47,369 Vayots Dzor
22%
South Sudan A 320,600 Abyei
11%
Moldova B 23,012 Basarabeasca
11%
Togo C 795,529 Centrale
11%
Equatorial Guinea D ~3,000 Djibloho
11%
Vatican City G 0 Gardens
11%
Nauru I 178 Ijuw
11%
Kenya L 143,920 Lamu
11%
Madagascar M 338,559 Melaky
11%
Marshall Islands R-A 0 Rongelap Atoll
11%
Somalia S 325,136 Sanaag
11%
Bosnia and Herzegovina B-P-C-G 25,336 Bosnian-Podrinje Canton Goražde
0%
Burundi C 355,000 Cankuzo
0%
Slovenia C-S 41,606 Central Sava
0%
Ivory Coast D 436,015 Denguélé
0%
Cambodia K 42,665 Kep
0%
Lebanon K-J 300,000 Keserwan-Jbeil
0%
Taiwan L 12,716 Lienchiang
0%
Malawi L 15,995 Likoma
0%
Trinidad and Tobago M-R-C 37,993 Mayaro–Rio Claro
0%
Costa Rica M 5,386 Monteverde
0%
Uganda O 57,118 Obongi
0%
Tonga O-N 1,232 Ongo Niua
0%
Dominican Republic P 35,280 Pedernales
0%
Kiribati P-I 49 Phoenix Islands
0%
Monaco R-D-S-D 14 Ravin de Sainte-Dévote
0%
Liberia R 90,777 Rivercess
0%
Azerbaijan S 16,036 Sadarak
0%
Thailand S-S 186,784 Samut Songkhram
0%
Cape Verde S-C-D-F 4,725 Santa Catarina do Fogo
0%
Saint Kitts and Nevis T-P-P 1,751 Trinity Palmetto Point
0%
Samoa V-O-F 1,621 Vaʻa-o-Fonoti
0%
Maldives V 1,995 Vaavu
0%
Latvia V 2,945 Varakļāni
0%
Laos X 100,000 Xaisomboun
0%
North Macedonia Z 2,086 Zrnovci
0%
No matching quizzes found
Score Distribution
Percent of People with Each Score
Percentile by Number Answered
Your Score History
You have not taken this quiz since the last reset